000 00454nam a2200181Ia 4500
001 24775
005 20260414151106.0
008 260414t2013||||xx |||||||||||||| ||spa||
041 _aESP
082 _a345.733
_bN94A
100 _aNúñez Lagos, Rafael
_eAUT
245 0 _aLos esquemas conceptuales del instrumento público
_b
260 _c2013
300 _a305 páginas :
_c21 cm.
650 _aDER
654 _aCDE
942 _cLIB
_dJUS
_fJUS
_2ddc
_n
999 _c24775
_d24775